000
00336nam a2200133Ia 4500
008
191201s2005 xx 000 0 und d
100
_a
NAIK, J P
245
2
_a
A Students History of Education in India (1800-1973)
250
_a
6th
260
_a
N.Delhi
_b
Macmillan
_c
2005
300
_a
495
650
_a
General Books
942
_2
ddc
_c
BK
999
_c
1861
_d
1861